| 000 | 00705nam a2200217Ia 4500 | ||
|---|---|---|---|
| 003 | IN-BaIIA | ||
| 008 | 211028s9999 xx 000 0 eng d | ||
| 040 | _cIIA Library | ||
| 080 |
_a535.33 _bDEA |
||
| 245 | 0 |
_aFlame emission and atomic absorption spectrometry _cedited by John A. Dean and Theodore C. Rains |
|
| 260 |
_aNew York _bMarcel Dekker _c1969 |
||
| 300 | _axiv, 436p. | ||
| 650 |
_aAtomic Spectra _91533 |
||
| 650 |
_aEmission Spectra _96149 |
||
| 650 |
_aFlame Spectroscopy _94608 |
||
| 650 | _aNASA Thesaurus | ||
| 650 |
_aSpectroscopy _91535 |
||
| 700 |
_aDean, John A., ed. _96150 |
||
| 700 |
_aRains, Theodore C., ed. _96151 |
||
| 942 | _cBK | ||
| 999 |
_c3477 _d3477 |
||